00388 a2200145 4500003000400000005001700004008004100021020001800062040000900080082001700089100002600106245006700132260003600199300000700235OSt20240823122007.0231019b |||||||| |||| 00| 0 eng d a9786030140909 coclc a492.7bHUS/A aFouzil,abdulrahmanbin aal-ʻArabīyah bayna yadayk /cAbdu Rahman Bin Ibrahim Fouzil aRiyadh:bArabic For All,c2014. a2v